header

The family flamboyant (Record no. 78361)

MARC details
000 -LEADER
fixed length control field 01711nam a2200445Ia 4500
082 04 - DEWEY DECIMAL CLASSIFICATION NUMBER
Classification number 306.84/8089924
100 1# - MAIN ENTRY--AUTHOR NAME
Personal name Brettschneider, Marla.
245 14 - TITLE STATEMENT
Title The family flamboyant
260 ## - PUBLICATION, DISTRIBUTION, ETC. (IMPRINT)
Place of publication Albany :
Name of publisher State University of New York Press,
Year of publication c2006.
300 ## - PHYSICAL DESCRIPTION
Number of Pages xii, 232 p.
490 1# - SERIES STATEMENT
Series statement SUNY series in feminist criticism and theory
650 #0 - SUBJECT ADDED ENTRY--TOPICAL TERM
Topical Term Gay and lesbian studies.
Topical Term Jewish lesbians
Topical Term Jewish families.
Topical Term Monogamous relationships.
Topical Term Jews
Topical Term Race awareness.
Topical Term Group identity.
Topical Term Identity (Psychology)
856 40 - ELECTRONIC LOCATION AND ACCESS
Uniform Resource Identifier http://site.ebrary.com/lib/rucke/Doc?id=10575815

No items available.

© 2026 Rongo University
Contact us: librarian | system librarian | Rongo university